Statistics for Car brands by logos #1

Click here to take the quiz!

General Stats

  • This quiz has been taken 141 times
  • The average score is 10 of 16

Answer Stats

Answer% Correct
Tesla
96%
Volkswagen
92%
Ferrari
88%
Chevrolet
85%
Hyundai
83%
Skoda
76%
Dodge
73%
Cadillac
69%
Opel
67%
Seat
66%
McLaren
51%
Pontiac
49%
Koenigsegg
44%
Vauxhall
38%
Fiat
26%
Daewoo
25%

Score Distribution

Percentile by Number Answered

Percent of People with Each Score

Your Score History

You have not taken this quiz